书目信息 |
| 题名: |
中国油画名作100讲
|
|
| 作者: | 刘淳 著 | |
| 分册: | 第一讲 | |
| 出版信息: | 天津 百花文艺出版社 2006 |
|
| 页数: | 346页 | |
| 开本: | 21cm | |
| 丛书名: | 艺术名作百讲丛书 | |
| 单 册: | ||
| 中图分类: | J213.052 | |
| 科图分类: | ||
| 主题词: | 油画--鉴赏--中国 , 油画 | |
| 电子资源: | ||
| ISBN: | 7-5306-4434-3 | |
| 000 | 00835oam2 2200253 450 | |
| 001 | 07079000475 | |
| 005 | 20070721153446.53 | |
| 010 | @a7-5306-4434-3@dCNY32.00 | |
| 100 | @a20060104d2006 em y0chiy0110 ea | |
| 101 | 0 | @achi |
| 102 | @aCN@b120000 | |
| 105 | @aa z 000yy | |
| 200 | 1 | @a中国油画名作100讲@Azhong guo you hua ming zuo 100 jiang@h第一讲@f刘淳著 |
| 210 | @a天津@c百花文艺出版社@d2006 | |
| 215 | @a346页@c图@d21cm | |
| 225 | 2 | @a艺术名作百讲丛书 |
| 330 | @a本书作者从中国油画在20世纪100年的历史进程中严格挑选出了100幅作品,采用美学和社会学等不同的角度,对每一幅作品进行了系统地分析和解读。 | |
| 461 | 0 | @12001 @a艺术名作百讲丛书 |
| 606 | 0 | @a油画@x鉴赏@y中国 |
| 606 | 0 | @a油画 |
| 690 | @aJ213.052@v4 | |
| 701 | 0 | @a刘淳@Aliu chun@f(1957~)@4著 |
| 801 | 0 | @aCN@bTAOJIN@c20070721 |
| 905 | @a10447@dJ213.052@e512 | |
| 中国油画名作100讲.第一讲/刘淳著.-天津:百花文艺出版社,2006 |
| 346页:图;21cm.-(艺术名作百讲丛书) |
| ISBN 7-5306-4434-3:CNY32.00 |
| 本书作者从中国油画在20世纪100年的历史进程中严格挑选出了100幅作品,采用美学和社会学等不同的角度,对每一幅作品进行了系统地分析和解读。 |
| ● |
| 相关链接 |
|
|
|
|
正题名:中国油画名作100讲
索取号:J213.052/512
 
预约/预借
| 序号 | 登录号 | 条形码 | 馆藏地/架位号 | 状态 | 备注 |
| 1 | 0822957 | 208229576 | 第一样本阅览室/ [索取号:J213.052/512] | 在馆 | |
| 2 | 0822958 | 208229585 | 第一借阅区/ [索取号:J213.052/512] | 在馆 | |
| 3 | 0822959 | 208229594 | 第一借阅区/ [索取号:J213.052/512] | 在馆 | |
| 4 | 0822960 | 208229601 | 第一借阅区/ [索取号:J213.052/512] | 在馆 | |
| 5 | 0822961 | 208229610 | 第一借阅区/ [索取号:J213.052/512] | 在馆 |